00584nam a2200145Ia 4500008004100000050002300041100003100064245006500095260008600160300003300246521002700279942000700306999001900313952010600332140724s9999 xx 000 0 und d aT 58.6b.M214 2013 aMahinay, Nicolai Domini A. aPoint of sale system of outbox /cNicolai Domini A. Mahinay. aLas Piñas, Philippines :bSouthville International School and Colleges,cc2013. a65 p. :bcol. Ill. ;c28 cm. aInformation Technology cTH c229117d229117 001040aCLbCLcTHESESd2014-07-24l0oT 58.6 .M214 2013pT0471r2018-05-15 00:00:00w2014-07-24yTH